ბათუმის შოთა რუსთაველის სახელმწიფო უნივერსიტეტის ბიბლიოთეკა

Программирование на С/С++ №11(120). Декабрь. 2013 (ბიბ.ჩანაწერი № 42011)

000 -LEADER
fixed length control field 00496nam a2200169Ia 4500
001 - CONTROL NUMBER
control field 8697
003 - CONTROL NUMBER IDENTIFIER
control field GE_BSU
008 - FIXED-LENGTH DATA ELEMENTS--GENERAL INFORMATION
fixed length control field 181216s||||||||xx |||||||||||||| ||und||
040 ## - CATALOGING SOURCE
Transcribing agency GE_BSU
245 ## - TITLE STATEMENT
Title Программирование на С/С++ №11(120). Декабрь. 2013
245 ## - TITLE STATEMENT
Remainder of title Журнал для профессионалов.2013
260 ## - PUBLICATION, DISTRIBUTION, ETC.
Place of publication, distribution, etc. Москва
260 ## - PUBLICATION, DISTRIBUTION, ETC.
Date of publication, distribution, etc. 2013
300 ## - PHYSICAL DESCRIPTION
Extent 23стр.29см.
653 ## - INDEX TERM--UNCONTROLLED
Uncontrolled term Программирование на С/С++
942 ## - ADDED ENTRY ELEMENTS (KOHA)
Koha item type პერიოდიკა
ეგზემპლარები
Withdrawn status Lost status Damaged status Not for loan Date acquired Barcode Date last seen Price effective from Koha item type
        2018-12-17 p76081 2018-12-17 2018-12-17 პერიოდიკა